000
00261nam a22001217a 4500
008
181022b xxu||||| |||| 00| 0 eng d
041
_a
eng
080
_a
510
100
_a
37
101
_a
MAT
245
_a
Undegarduate Topology
_c
Kasriel.p
942
_2
udc
_c
BK
999
_c
50380
_d
50380